000 01044nam a2200301 i 4500
003 EG-ScBUE
005 20241212111620.0
008 170718s2023 ua f f000 0bara d
017 _a2022 / 20313
020 _a9789778621327
040 _aEG-ScBUE
_bara
_erda
_cEG-ScBUE
_dEG-ScBUE
082 0 4 _a780.92
_bح ك ي
_222
100 1 _aالحكيم ، أيمن،
_eمؤلف.
_938780
245 1 0 _aبليغ :
_bأسرار الأيام الأخيرة /
_cأيمن الحكيم.
250 _aالطبعة الأولى.
264 1 _aالجيزة، مصر :
_bأطياف للنشر والتوزيع،
_c2023.
300 _a148 صفحة :
_bصور ؛
_c24 سم
336 _2rdacontent
_aنص
_btxt
337 _2rdamedia
_aبدون وسيط
_bn
338 _2rdacarrier
_aمجلد
_bnc
590 _aدعاء
600 1 7 _2BUEsh
_aحمدي، بليغ،
_d1931-1993.
650 7 _2BUEsh
_aالموسيقيون المصريون
_vتراجم.
_98633
651 _2BUEsh
653 _bGGEN
_cDecember2024
655 _vReading book
942 _2ddc
999 _c30836
_d30807